Một số vấn đề lý thuyết diễn ngôn và định hướng trong nghiên cứu văn học /

Сохранить в:
Библиографические подробности
Главный автор: Trần Thị Ngọc Anh.
Формат: Статья
Язык:Vietnamese
Предметы:
Метки: Добавить метку
Нет меток, Требуется 1-ая метка записи!
Thư viện lưu trữ: Thư viện Trường Đại học Đà Lạt
LEADER 00834nam a2200265 4500
001 DLU170180717
005 ##20170830
040 # # |a DLU  |b vie 
041 # # |a vie 
044 # # |a vn 
100 # # |a Trần Thị Ngọc Anh. 
245 # # |a Một số vấn đề lý thuyết diễn ngôn và định hướng trong nghiên cứu văn học /  |c Trần Thị Ngọc Anh. 
653 # # |a Diễn ngôn 
653 # # |a Lý luận văn học 
653 # # |a Nghiên cứu văn học 
653 # # |a Phê bình văn học 
773 # # |t Nghiên cứu văn học  |g Số 7(533), 2016, tr 103-113 
920 # # |a Phòng Tạp chí --Trung tâm Thông tin - Thư viện Trường Đại học Đà Lạt 
900 # # |a True 
911 # # |a Lê Thị Hồng 
925 # # |a G 
926 # # |a A 
927 # # |a BB 
980 # # |a Thư viện Trường Đại học Đà Lạt